Cities (Record no. 79345)

MARC details
000 -LEADER
fixed length control field 00960nam a2200181 a 4500
008 - FIXED-LENGTH DATA ELEMENTS--GENERAL INFORMATION
fixed length control field 120416s1977 ||||||||||||||||| || u
050 ## - LIBRARY OF CONGRESS CALL NUMBER
Classification number HT 133 Cox
100 ## - MAIN ENTRY--PERSONAL NAME
Personal name Cox, William Harvey
245 10 - TITLE STATEMENT
Title Cities
246 ## -
-- the public dimension
260 ## - PUBLICATION, DISTRIBUTION, ETC.
Place of publication, distribution, etc. Harmondsworth
Name of publisher, distributor, etc. Penguin
Date of publication, distribution, etc. 1977
300 ## - PHYSICAL DESCRIPTION
Extent 244p.
350 ## -
-- 0.00
995 ## -
-- ANNEX COLLECTION (Main Library)
-- 0.00
-- 704058
-- CBU-MAIN LIBRARY (Kitwe)
-- 3
-- 0.00
-- HT 133 Cox
-- 1
-- AVAILABLE
-- 008624
-- Annex Low-Usage Collection
995 ## -
-- ANNEX COLLECTION (Main Library)
-- 0.00
-- 705196
-- CBU-MAIN LIBRARY (Kitwe)
-- 4
-- 0.00
-- HT 133 Cox
-- 2
-- AVAILABLE
-- 008625
-- Annex Low-Usage Collection
995 ## -
-- ANNEX COLLECTION (Main Library)
-- 0.00
-- 705195
-- CBU-MAIN LIBRARY (Kitwe)
-- 2
-- 0.00
-- HT 133 Cox
-- 3
-- AVAILABLE
-- 008626
-- Annex Low-Usage Collection
995 ## -
-- MAIN LIBRARY OPEN ACCESS
-- 0.00
-- 704057
-- CBU-MAIN LIBRARY (Kitwe)
-- 1
-- 0.00
-- HT 133 Cox
-- 4
-- AVAILABLE
-- 008627
-- Main Library Open Access Collection
999 ## -
-- 79345
-- 79345
Holdings
Withdrawn status Lost status Source of classification or shelving scheme Damaged status Not for loan Permanent Location Current Location Date acquired Full call number Barcode Date last seen Copy number Price effective from Koha item type Shelving location Total Checkouts
Withdrawn         CBU-MAIN LIBRARY, KITWE. CBU-MAIN LIBRARY, KITWE. 06/16/2023 HT 133 Cox 008624 06/16/2023 1 06/16/2023 MONOGRAPH    
          CBU-MAIN LIBRARY, KITWE. CBU-MAIN LIBRARY, KITWE. 06/16/2023 HT 133 Cox 008625 06/16/2023 2 06/16/2023 MONOGRAPH    
Withdrawn         CBU-MAIN LIBRARY, KITWE. CBU-MAIN LIBRARY, KITWE. 06/16/2023 HT 133 Cox 008626 06/16/2023 3 06/16/2023 MONOGRAPH    
          CBU-MAIN LIBRARY, KITWE. CBU-MAIN LIBRARY, KITWE. 06/16/2023 HT 133 Cox 008627 06/16/2023 4 06/16/2023 MONOGRAPH